| 000 | 00410nam a2200157Ia 4500 | ||
|---|---|---|---|
| 008 | 140306s9999 xx 000 0 und d | ||
| 020 | _a8171002994 | ||
| 041 | _aeng | ||
| 082 |
_a307.1412 _bKUN/SC |
||
| 100 | _aKunveer, Upendra | ||
| 245 | _aScience and technology for rural development | ||
| 260 |
_aNew Delhi _bDeep and Deep Publication _c1991 |
||
| 300 | _a168 | ||
| 365 | _bRs.150 | ||
| 942 |
_2ddc _cBK |
||
| 999 |
_c182080 _d182080 |
||